| 000 | 00743cam a22002413a 4500 | ||
|---|---|---|---|
| 001 | 20891 | ||
| 003 | PGUSA | ||
| 005 | 20140828083438.0 | ||
| 008 | 070324s2007||||xxu|||||s|||||000 | eng d | ||
| 040 |
_aPGUSA _beng |
||
| 042 | _adc | ||
| 050 | 4 | _aDC | |
| 100 | 1 |
_aHughes, John, _d1790-1857 |
|
| 245 | 1 | 0 |
_aItinerary of Provence and the Rhone : _bMade During the Year 1819 _h[electronic resource] / _cJohn Hughes |
| 260 |
_bProject Gutenberg, _c2007 |
||
| 506 | _aPublic domain in the USA. | ||
| 516 | _aElectronic text | ||
| 653 | _aProvence (France) -- Description and travel | ||
| 653 | _aRhône River (Switzerland and France) | ||
| 830 | 0 |
_aProject Gutenberg _v20891 |
|
| 856 | 4 | 0 | _uhttp://www.gutenberg.org/ebooks/20891 |
| 942 | _cEB | ||
| 999 |
_c250146 _d250146 |
||